000 00850cam a22002171i 4500
005 20260201110257.0
008 250721s2008 jo gr 000 0 ara d
020 _a9789957423926
082 1 4 _a371.33
_bط ي ط
100 1 _aالطيطي، محمد عيسى
_eمؤلف.
245 1 0 _aإنتاج وتصميم الوسائل التعليمية /
_cد. محمد عيسى الطيطي، د.فراس محمد العزة، أ. عبد لإله طويق.
264 3 1 _aعمان :
_bدار عالم الثقافة،
_c2008.
300 _a460 صفحه.
650 1 7 _aوسائل التدريب.
650 1 7 _aطرق التعلم.
653 _aالوسائل التعليميه
700 1 _aالعزة، فراس محمد
_eمؤلف.
700 1 _aطويق، عبد الإله
_eمؤلف.
942 _2ddc
_cBK
999 _c110544
_d110544